000 00502nam a2200181Ia 4500
003 LDD
008 190117s9999 xx 000 0 und d
020 _c₹35
040 _cLDD
041 _ahi
082 _a8H3.7 र2601सी-2
100 _aरजा, राही मासूम
245 0 _aसीन
_b 75
_cराही मासूम रजा
250 _a2रा सं.
260 _aनई दिल्ली
_bराजकमल
_c1982
300 _a129पृ.
942 _2ddc
_cH
999 _c167978
_d167978